|
|
|
|
| LEADER |
00000nab a2200000 ar4500 |
| 001 |
vtls009003484 |
| 003 |
SK-MaSNL |
| 005 |
20260319071257.0 |
| 008 |
070201c2007 xo |||||||| 000 b|hun |
| 015 |
|
|
|a SNBRB2007/05
|2 snkbucl
|
| 038 |
|
|
|a SNKBUCL
|
| 040 |
|
|
|a DSZK
|b slo
|c DSZK
|e AACR2
|
| 041 |
0 |
|
|a hun
|
| 044 |
|
|
|a xo
|c SK
|
| 080 |
|
|
|a 245:264-941
|2 1997
|
| 080 |
|
|
|a 264-941:245
|2 1997
|
| 100 |
1 |
|
|a Süll, Kinga
|4 aut
|9 303339
|
| 245 |
1 |
0 |
|a Pünkösdi énekeink
|c Süll Kinga
|
| 300 |
|
|
|b Obr.
|
| 650 |
0 |
7 |
|a Turíce
|x náboženské piesne, maďarské
|2 snkbucl
|9 1042708
|
| 650 |
0 |
7 |
|a náboženské piesne, maďarské
|2 snkbucl
|9 1042176
|
| 773 |
0 |
|
|t Kálvinista szemle
|g Évf. LXXVIII, sz. 5 (2007), o. 6
|x 1335-7298
|
| 852 |
|
|
|a SNK
|b KIS3GCP
|
| 852 |
|
|
|a DSZK
|b KIS3GCP
|
| 958 |
|
|
|a HU
|
| 958 |
|
|
|a NT
|
| 999 |
|
|
|c 1751730
|d 1753660
|